Nomad Century : How to Survive the Climate Upheaval /

Salvato in:
Dettagli Bibliografici
Autore principale: Vince, Gaia
Natura: Libro
Lingua:inglese
Pubblicazione: London : Penguin Books, 2022
Edizione:1. vydanie
Soggetti:
Tags: Aggiungi Tag
Nessun Tag, puoi essere il primo ad aggiungerne!!

MARC

LEADER 00000nam a22000003a 4500
001 0103674
003 SK-STU
005 20230724210049.6
007 ta
008 230724s ----xo-----e------000-0-----d
020 |a 9780241522318 
040 |a STU  |b slo 
041 0 |a eng 
044 |a xxk 
100 1 |a Vince, Gaia 
245 1 0 |a Nomad Century :  |b How to Survive the Climate Upheaval /  |c Gaia Vince 
250 |a 1. vydanie 
260 |a London :  |b Penguin Books,  |c 2022 
300 |a 288 s. 
650 0 7 |a ekológia 
650 0 7 |a politika 
650 0 7 |a urbanizmus 
650 0 7 |a mestá 
650 0 7 |a ľudia 
650 0 7 |a migrácia 
650 0 7 |a budúcnosť života 
996 |b 284AU09773  |c A* 13134/U  |l AAKNST  |s P  |a 0  |w 0103674_0001 
996 |b 284AU09774  |c A* 13135/U  |l AAKNAR  |s A  |a 24  |w 0103674_0002